Súkromné či štátne vzdelávanie?

Dva modely financovania súkromných škôl v jednotlivých krajinách Európskej únie. Financovanie škôl na Slovensku postavené na normatívnom princípe. Konkurencia škôl. Realita na súkromných školách.

Salvato in:
Dettagli Bibliografici
Autore principale: Ryník, Jozef
Altri autori: Tehlárová, Katarína
Natura: Capitolo di libro
Lingua:slovacco
Soggetti:
Tags: Aggiungi Tag
Nessun Tag, puoi essere il primo ad aggiungerne!!

MARC

LEADER 00000naa$a2200000$$$4500
001 0067746
005 20231009072427.3
041 0 |a slo 
044 |a SK 
245 1 0 |a Súkromné či štátne vzdelávanie?  |c Jozef Ryník, Katarína Tehlárová 
520 |a Dva modely financovania súkromných škôl v jednotlivých krajinách Európskej únie. Financovanie škôl na Slovensku postavené na normatívnom princípe. Konkurencia škôl. Realita na súkromných školách. 
610 2 0 |a vzdelávanie 
610 2 0 |a školy stredné 
610 2 0 |a školy stredné odborné 
610 2 0 |a školy súkromné 
610 2 0 |a financovanie 
610 2 0 |a dotácie štátne 
610 2 0 |a Slovensko 
100 1 |a Ryník, Jozef 
700 1 |a Tehlárová, Katarína